Biografia y estudio crítico de Jauregui / (Record no. 156408)

MARC details
000 -LEADER
campo de control de longitud fija 00544nam a22001575i 4500
001 - NÚMERO DE CONTROL
campo de control 156408
003 - IDENTIFICADOR DE NÚMERO DE CONTROL
campo de control ES-MaACL
005 - FECHA Y HORA DE LA ÚLTIMA TRANSACCIÓN
campo de control 20230906210412.0
008 - DATOS DE LONGITUD FIJA--INFORMACIÓN GENERAL
campo de control de longitud fija 940301s1899 sp |||| | spa d
040 ## - FUENTE DE CATALOGACIÓN
Centro catalogador/agencia de origen AS
Lengua de catalogación spa
100 1# - ENTRADA PRINCIPAL--NOMBRE DE PERSONA
Nombre de persona Jordán de Urríes y Azara, José (
Fechas asociadas al nombre 1868-1932)
9 (RLIN) 66921
245 10 - MENCIÓN DEL TÍTULO
Título Biografia y estudio crítico de Jauregui /
Mención de responsabilidad, etc. por José Jordán de Urries y Azara.
260 ## - PUBLICACIÓN, DISTRIBUCIÓN, ETC.
Lugar de publicación, distribución, etc. Madrid :
Nombre del editor, distribuidor, etc. [s.n.],
Fecha de publicación, distribución, etc. 1899 (
Fabricante Est. tipográfico Sucesores de Rivadeneyra)
300 ## - DESCRIPCIÓN FÍSICA
Extensión 273 p. ;
Dimensiones 26 cm.
852 ## - LOCALIZACIÓN
Ubicación ES-MaACL
Número de control de estantería F-3055
Nota libre -- Enc. hol.
Holdings
Estatus retirado Estado de pérdida Estado de daño No para préstamo Colección Biblioteca de origen Biblioteca actual Ubicación en estantería Fecha de adquisición Fuente de adquisición Total de préstamos Signatura topográfica completa Código de barras Visto por última vez Precio de reemplazo Tipo de ítem Koha
        Libros del s. XIX Biblioteca del Ateneo de Madrid Biblioteca del Ateneo de Madrid Depósito 2 17/01/2008     F-3055 1163636 23/02/2023 23/02/2023 Libro impreso antiguo